[Event "Chigorin Mem. Russian Cup 2017"]
[Site "St. Petersburg"]
[Date "2017.10.22"]
[Round "2"]
[White "Bykov, Egor"]
[Black "Artemiev, Vladislav"]
[Result "0-1"]
[WhiteElo "2346"]
[BlackElo "2696"]
[Annotator "TA"]
[PlyCount "82"]
[EventDate "2017.??.??"]
[EventType "swiss"]
[EventCountry "RUS"]
[SourceTitle "playchess.com"]
[Source "ChessBase"]
[SourceQuality "1"]

{[%evp 9,82,32,43,0,0,0,0,0,3,0,14,10,8,-11,-8,-22,-17,-30,-12,-7,-14,0,0,0,0,-4,-8,-12,0,-87,-74,-70,-52,-77,-67,-63,-78,-123,-112,-110,-120,-119,-144,-284,-22,-109,-95,-190,-173,-265,-237,-210,-112,-89,-109,-110,-101,-72,-91,-99,-102,-932,-211,-932,-933,-934,-917,-12839,-12838,-12839,-12839,-29988,-29989,-29989,-29990]} 1. d4 Nf6 2. c4 g6 3. Nc3 d5 4. Bg5 dxc4 5. e3 Be6 6. Bxf6 {D80: Grünfeld: Unusual White 4th moves and 4 Bg5} exf6 7. d5 Bc8 8. Bxc4 {The position is equal.} Bd6 9. Nf3 O-O 10. O-O Re8 11. Rc1 a6 12. Nd2 $146 ({Predecessor:} 12. a4 Nd7 13. Qd4 {0-1 (42) Ward,D (1772)-Sellars,K (2236) Toronto 2010}) 12... f5 13. Be2 Nd7 14. Nc4 Bf8 15. Bf3 Rb8 16. g3 h5 17. Qc2 h4 18. Rfd1 Qg5 19. a4 (19. Ne2 $11) 19... hxg3 20. hxg3 b5 21. axb5 axb5 22. Na5 Ne5 $36 {[%mdl 2048] Black is really pushing.} 23. Bg2 Ng4 24. Nc6 Rb6 25. d6 Bxd6 26. Nd5 (26. Rxd6 $17 {was the only defense.} cxd6 27. Nd5) 26... Rb7 $2 (26... Bb7 $19 27. Nd4 (27. Nxb6 $2 Bxg3 28. Rd2 cxb6 $19) 27... Qh6) 27. Qc3 {[#]} (27. Bf3 $11) 27... b4 $1 {[%mdl 512]} 28. Qd4 (28. Qd2 $17 {was necessary.}) (28. Ncxb4 Qh5) 28... Rb5 $1 $19 {[%cal Rb5d5]} 29. Rc2 (29. f4 {was worth a try.} Qh5 30. Nf6+ Nxf6 31. Qxf6) 29... Be6 ({Less strong is} 29... Qh5 30. Qxg4 $1 {[%mdl 512]} fxg4 31. Nf6+ Kf8 32. Nxh5 $17) 30. Ncxb4 {[#]} c5 ({Better is} 30... f4 $1 $19 {[%cal Rf4g3][%mdl 512]} 31. exf4 (31. gxf4 $2 Qh5 $17) (31. Nxf4 Rxb4) 31... Qh5 32. Nxc7 Rxb4) 31. Qd3 $17 Rxb4 32. Nxb4 Bxg3 $1 33. fxg3 cxb4 34. Re2 {[#]} ({Don't go for} 34. Bc6 $2 Nxe3 35. Rh2 Nxd1 $19) 34... Qh6 $1 {[%cal Rh6h2] And now ...Qh2+ would win.} 35. Qb5 $2 {[%mdl 8192]} (35. Bh1 $17) 35... Qh2+ $19 36. Kf1 Rc8 37. Qb7 Qxg3 {White must now prevent ...Rc2!} 38. Rde1 {[#]} Rc2 $1 {[%mdl 512]} 39. Qa8+ (39. Rxc2 Bc4+) 39... Kg7 {( -> ...Bc4)} 40. b3 Bxb3 41. Kg1 Bc4 {Precision: White = 35%, Black = 68%.} 0-1

[Event "Chigorin Mem. Russian Cup 2017"]
[Site "St. Petersburg"]
[Date "2017.10.22"]
[Round "2"]
[White "Chashchev, Sergey"]
[Black "Volkov, Sergey"]
[Result "0-1"]
[WhiteElo "2342"]
[BlackElo "2638"]
[Annotator "TA"]
[PlyCount "124"]
[EventDate "2017.??.??"]
[EventType "swiss"]
[EventCountry "RUS"]
[SourceTitle "playchess.com"]
[Source "ChessBase"]
[SourceQuality "1"]

{[%evp 14,124,19,0,29,27,58,60,83,80,51,0,36,0,0,0,0,0,0,0,97,52,81,77,69,70,80,66,66,28,27,27,23,0,67,7,27,-14,-1,-70,-70,-70,-63,-70,-70,-71,-71,-91,-92,-263,-260,-295,-291,-266,-235,-225,-230,-233,-227,-248,-248,-248,-240,-248,-220,-278,-277,-303,-295,-279,-258,-300,-293,-361,-357,-344,-335,-487,-366,-387,-347,-412,-375,-390,-394,-427,-397,-885,-782,-2143,-1038,-1993,-1791,-1978,-1801,-1914,-1687,-1712,-1252,-29965,-29967,-29969,-29970,-29965,-29965,-29971,-29972,-29970,-29971,-29975,-29974,-29961,-29966]} 1. e4 e6 2. d3 d5 3. Nd2 Nf6 4. Ngf3 b6 5. g3 dxe4 6. dxe4 Bb7 7. Qe2 Nc6 8. c3 {LiveBook: 11 Games. C00: French: Unusual White 2nd moves} Qd7 (8... a5 9. Nc4 a4 10. e5 Nd7 11. Bf4 Na5 12. Ncd2 Be7 13. h4 Nc5 14. Rd1 Qd7 15. Be3 O-O-O 16. Bxc5 Bxc5 {0-1 (50) Petrosian,T (2654)-Grigoryan,A (2571) Yerevan 2014}) 9. Bg2 O-O-O 10. O-O $1 {White is slightly better.} Qd3 $146 ({Predecessor:} 10... Ng4 11. Nb3 Nge5 12. Nfd4 Nb8 13. Qh5 Nd3 {0-1 (24) Llamazares Lopez,M (1887)-Monmeneu Chulia,V (2147) Valencia 2009}) 11. Qxd3 Rxd3 12. Re1 ({White should play} 12. Nc4 $1 $14) 12... Bc5 13. Nb3 Be7 14. Nfd4 Nxd4 $1 15. Nxd4 Bc5 $1 16. Nb3 Nd7 (16... Be7 $11) 17. Bf1 ({But not} 17. Nxc5 $6 Nxc5 18. f3 Nd7 $11) 17... Rf3 18. Nxc5 Nxc5 19. Be2 Bxe4 20. Bxf3 Bxf3 21. Re3 Bc6 22. b3 Rd8 {( -> ...Rd1+)} 23. Kf1 (23. Ba3 {keeps more tension.} Ne4 24. Kf1 Rd2 25. Ke1 Rc2 26. c4) 23... g5 (23... Rd1+ $11 24. Ke2 Rh1) 24. g4 (24. Ba3 $14) 24... f5 $11 25. Ba3 {Bxc5 is the strong threat.} Ne4 26. Rae1 (26. f3 $11 Nd2+ 27. Kf2) 26... Nd2+ $1 $15 27. Ke2 fxg4 {aiming for ...Bf3+.} 28. Rd3 Nf3 $1 29. Rxd8+ Kxd8 {[%mdl 4096] Endgame KRB-KBN} 30. Rd1+ Ke8 $1 31. Ke3 $2 (31. Rh1 $17 {might work better.}) 31... Nxh2 $19 32. c4 h5 33. Bb2 {intending Be5.} Nf3 34. Bf6 Bd7 $1 35. Rh1 {[#]} h4 $1 36. Bxg5 Nxg5 37. Rxh4 {[#]} e5 $1 38. Rh8+ Ke7 39. Rb8 Ne6 40. Rg8 Nd4 41. Ke4 Kf6 42. Rf8+ Ke6 43. Rg8 Bc6+ 44. Kd3 Bf3 45. Rg7 (45. Kd2 $142) 45... Kd6 46. Rg6+ Ne6 47. Ke3 a5 48. Rh6 e4 49. Kd2 Ke5 50. Ke3 $2 (50. Rh7 a4 51. Ke3) 50... Nd4 51. Rh7 Nf5+ 52. Kd2 c5 53. Rh8 g3 54. fxg3 Nxg3 55. Rb8 Kf4 56. Rxb6 e3+ {Black mates.} 57. Ke1 Ne4 58. Kf1 Nf2 59. Rf6+ Ke4 60. Re6+ Kd4 61. Rd6+ Kc3 62. Rf6 Bg4 {Precision: White = 42%, Black = 74%.} 0-1

[Event "Chigorin Mem. Russian Cup 2017"]
[Site "St. Petersburg"]
[Date "2017.10.22"]
[Round "2"]
[White "Karasev, Vladimir I"]
[Black "Alekseev, Evgeny"]
[Result "1/2-1/2"]
[WhiteElo "2339"]
[BlackElo "2622"]
[Annotator "TA"]
[PlyCount "84"]
[EventDate "2017.??.??"]
[EventType "swiss"]
[EventCountry "RUS"]
[SourceTitle "playchess.com"]
[Source "ChessBase"]
[SourceQuality "1"]

{[%evp 16,84,-11,-15,4,0,0,0,0,0,0,-1,0,0,0,0,-9,-9,22,0,0,0,0,0,0,-1,0,0,0,0,0,0,0,-19,-10,-11,0,0,0,-22,-24,-25,-35,-28,-33,-23,-41,-27,0,0,0,0,-14,-72,0,0,0,0,0,0,0,0,0,0,0,0,0,0,0,0,0]} 1. d4 Nf6 2. c4 e6 3. Nf3 d5 4. Nc3 Bb4 5. Qa4+ Nc6 6. Ne5 Bd7 {D38: Queen's Gambit Declined: Ragozin Defence (4 Nf3 Bb4)} 7. Nxd7 Nxd7 8. e3 Nb6 9. Qb3 {LiveBook: 8 Games} e5 $146 ({Predecessor:} 9... Nxc4 10. Bxc4 dxc4 11. Qxc4 Qd5 12. Qxd5 exd5 13. Bd2 Bxc3 14. Bxc3 Kd7 15. Ke2 h5 {½-½ (15) Khismatullin,D (2681)-Vitiugov,N (2742) St Petersburg 2014}) 10. cxd5 Qxd5 11. Qxd5 Nxd5 12. Bd2 O-O-O {[%cal Ba8d8,Bd8d7,Bd7e7][%mdl 32]} 13. Bc4 Nb6 14. Bxf7 exd4 15. exd4 Rd7 16. Bh5 {[#] Bg4 is the strong threat.} Re7+ 17. Be3 Nd5 18. O-O Nxe3 19. fxe3 Rxe3 20. Nd5 Re4 21. Nxb4 Nxb4 22. Rf7 g6 23. Bf3 Rxd4 24. Rc1 c6 25. Re1 Nd5 26. Bxd5 Rxd5 $11 {[%mdl 4096] Endgame KRR-KRR} 27. Ree7 {Hoping for Rc7+.} Rd1+ 28. Kf2 {[#] Strongly threatening Rc7+.} Rd2+ 29. Re2 Rd7 30. Ree7 $1 {[%cal Re7d7]} Rxe7 31. Rxe7 {KR-KR} Rd8 32. Rxh7 Rd2+ 33. Kf3 Rxb2 34. Rg7 c5 (34... Rxa2 $17 35. h4 Ra1 36. Rxg6 a5) 35. Rxg6 {The position is equal.} c4 36. Ke3 Rxa2 37. h4 Ra1 38. h5 Rh1 39. h6 a5 40. Kd4 b5 41. Rg5 Rxh6 {Threatens to win with ...Rb6.} 42. Rxb5 Rg6 {Precision: White = 90%, Black = 56%.} 1/2-1/2

[Event "Chigorin Mem. Russian Cup 2017"]
[Site "St. Petersburg"]
[Date "2017.10.22"]
[Round "2"]
[White "Biriukov, Oleg V"]
[Black "Gordievsky, Dmitry"]
[Result "0-1"]
[WhiteElo "2336"]
[BlackElo "2605"]
[Annotator "TA"]
[PlyCount "98"]
[EventDate "2017.??.??"]
[EventType "swiss"]
[EventCountry "RUS"]
[SourceTitle "playchess.com"]
[Source "ChessBase"]
[SourceQuality "1"]

{[%evp 20,98,24,21,37,37,32,16,20,15,41,0,31,-28,-14,-54,-47,-56,16,24,24,18,23,-9,-9,-25,-25,-33,-30,-33,-18,-19,-20,-20,-29,-8,-25,-91,-85,-95,-87,-89,-92,-102,-83,-82,-87,-79,-45,-46,0,-81,-82,-112,-116,-118,-134,-136,-131,-125,-121,-117,-115,-119,-130,-221,-204,-391,-379,-385,-369,-552,-558,-484,-353,-525,-525,-1062,-1005,-29988,-29989]} 1. d4 d6 2. Nf3 g6 3. e4 Nf6 4. Bd3 Bg7 5. O-O O-O 6. c3 Nbd7 7. Re1 e5 8. Bg5 h6 9. Bh4 Qe8 {B07: Pirc Defence: Miscellaneous Systems} (9... c6 10. Nbd2 Qc7 11. a4 Re8 12. Nc4 Nf8 13. Bc2 Bg4 14. h3 Bxf3 15. Qxf3 Nh5 16. Rad1 exd4 17. cxd4 Ne6 18. e5 d5 19. Na3 Qb6 {0-1 (64) Van den Doel,E (2568)-Kunin,V (2592) Amsterdam 2016}) 10. Na3 a6 11. Nc4 {LiveBook: 3 Games} b6 {The position is equal.} 12. a4 Bb7 13. b4 $146 ({Predecessor:} 13. dxe5 dxe5 14. b4 Nh5 15. Qc2 Nf4 16. Bf1 f5 17. Nfd2 Ne6 18. exf5 gxf5 {1-0 (44) Supatashvili,K (2469)-Izoria,Z (2466) Tbilisi 2001}) 13... exd4 14. Nxd4 Qb8 ({Much weaker is} 14... Nxe4 $6 15. Bxe4 Bxe4 16. f3 $16) 15. Qc2 Re8 16. Bg3 (16. f3 $14) 16... Nh5 $11 17. Rab1 Nxg3 18. hxg3 d5 (18... h5 $15) 19. exd5 Bxd5 20. Ne3 Bb7 21. Bc4 Be4 22. Bd3 (22. Qa2 {looks sharper.} Ne5 23. Bd5 Bxd5 24. Qxd5 Qc8 25. Qb3) 22... Qb7 23. Bxe4 Rxe4 24. Rbd1 c5 25. Nb3 {aiming for Rxd7!} Rae8 26. bxc5 Nxc5 27. Nxc5 bxc5 28. Rb1 (28. Rd6 $1 $11 {keeps the balance.}) 28... Qc6 $17 29. a5 Qa4 30. Qxa4 Rxa4 31. Nd5 Rxe1+ 32. Rxe1 Rxa5 {[%mdl 4096] Endgame KRB-KRN} 33. Re8+ Kh7 34. Re7 Kg8 35. Re8+ $1 {[#]} Bf8 $1 36. Nf6+ Kg7 37. Nd7 Bd6 38. Rc8 h5 39. Rc6 Be7 40. f4 Ra1+ 41. Kh2 a5 {[%cal Ba6a5,Ba5a4,Ba4a3,Ba3a2][%mdl 32]} 42. Nxc5 (42. Rc7 $17) 42... a4 $19 43. Ne4 $2 (43. Rc7 Kf6 44. Ne4+ Ke6 45. Nd2) 43... a3 44. Ra6 Re1 ({Don't play} 44... a2 45. Nd2 $19) 45. Ng5 (45. Nf2 $142) 45... Bc5 46. Nf3 Rc1 47. Nd4 (47. f5 $142 gxf5 48. Nh4) 47... Rxc3 48. Ra4 {[#]} a2 $1 {[%mdl 512]} 49. Nf3 (49. Rxa2 Bxd4) 49... Ba3 {Precision: White = 40%, Black = 68%.} 0-1

[Event "Chigorin Mem. Russian Cup 2017"]
[Site "St. Petersburg"]
[Date "2017.10.22"]
[Round "2"]
[White "Bykov, Oleg"]
[Black "Kobalia, Mikhail"]
[Result "1/2-1/2"]
[WhiteElo "2333"]
[BlackElo "2596"]
[Annotator "TA"]
[PlyCount "129"]
[EventDate "2017.??.??"]
[EventType "swiss"]
[EventCountry "RUS"]
[SourceTitle "playchess.com"]
[Source "ChessBase"]
[SourceQuality "1"]

{[%evp 16,129,31,29,43,47,41,34,21,25,36,23,30,0,0,0,0,0,0,0,0,0,0,0,0,-32,-22,-12,-5,-23,-24,-10,0,0,7,-50,-52,-76,-8,-5,-11,-11,-7,-12,-10,-2,-13,-26,0,0,15,11,29,20,32,38,35,0,8,-55,-55,-55,-55,-55,-55,-55,-55,-55,-53,-99,-53,-55,-55,-55,-43,-53,-43,-53,-53,-53,-53,-53,-53,-53,-53,-53,0,0,0,0,0,0,0,0,0,0,0,-71,0,0,0,0,0,0,0,0,0,0,0,0,0,0,0,0,0,0]} 1. Nf3 d6 2. d4 g6 3. e4 {[%cal Be2e4,Be4e5][%mdl 32]} Nf6 4. Nc3 Bg7 5. Be2 O-O 6. O-O c6 7. a4 Nbd7 8. e5 Ne8 9. Bf4 {LiveBook: 14 Partien} d5 {B08: Pirc-Ufimzew-Verteidigung} (9... dxe5 10. dxe5 Nc7 11. Bc4 Nb6 12. Ba2 Bg4 13. Qe2 Ne6 14. Bxe6 fxe6 15. Bg3 Bxf3 16. gxf3 Qe8 17. Ne4 {0-1 (40) Fominyh,A (2579)-Morozevich,A (2732) Sochi 2004}) 10. Qd2 f6 $146 ({Vorgänger:} 10... Nc7 11. Bd3 f6 12. exf6 Rxf6 13. Ng5 h6 14. Nf3 g5 15. Bg3 Rxf3 16. gxf3 {1-0 (27) Pagunski,M-Ertel,J DESC email 2005}) 11. exf6 exf6 {Weiß steht etwas besser.} 12. a5 Rf7 13. Na4 Nf8 14. c4 Ne6 15. cxd5 Nxf4 16. Qxf4 cxd5 17. Nc5 Nc7 18. Bd1 Ne6 19. Qd2 Qd6 20. b4 Nc7 21. Bb3 Re7 22. Rfe1 Rxe1+ 23. Rxe1 b6 24. Ne4 Qd8 25. Qf4 (25. Nc3 $11) 25... Be6 $15 26. Nc3 Bf8 ({Lieber} 26... bxa5 $17 27. bxa5 Bf7) 27. Nb5 $1 $11 {[%cal Rb5c7]} Nxb5 28. Rxe6 Kg7 29. h4 Bd6 $1 {[%cal Rd6f4]} 30. Qd2 Nc7 31. Re1 Qd7 32. Bc2 Qb5 33. Rb1 Re8 34. Bd3 Qd7 35. axb6 axb6 36. b5 Qg4 $132 {[%mdl 2048] Schwarz puts up resistance} 37. Re1 ({Günstiger ist} 37. Ra1 $11) 37... Ne6 $1 $15 {[%cal Re6f4] ...Sf4! ist eine echte Drohung.} 38. Bf1 {[#]} Nxd4 $1 {[%mdl 512]} 39. Nxd4 (39. Qxd4 Qxd4) 39... Rxe1 40. Qxe1 {zielt auf Da1 ab.} Qxd4 {[#]} 41. g3 $1 {[%mdl 512]} f5 (41... Bxg3 42. Qe7+) 42. Kg2 Bc5 43. Qe2 Kf6 44. Qf3 Qd2 45. Be2 Ke5 46. Kf1 Qc1+ 47. Kg2 h5 48. Bf1 Qd2 49. Kg1 Bd4 50. Bg2 Qc1+ (50... Bc3 $15) 51. Kh2 $11 Qc5 52. Qe2+ Kf6 53. f4 Be3 54. Qd3 d4 55. Qb3 Qd6 56. Qd5 (56. Qg8 $11 {hält das Gleichgewicht.}) 56... Bxf4 (56... Qxd5 $17 57. Bxd5 d3) 57. gxf4 {Die Stellung ist ausgeglichen.} Qxf4+ 58. Kg1 Qe3+ 59. Kf1 d3 60. Qd6+ Kg7 61. Qd7+ Kh6 62. Qd8 {[%cal Rd8h8]} Qe2+ 63. Kg1 {[%cal Rd8h8]} Qe3+ 64. Kf1 {[%cal Rd8h8]} Qe2+ 65. Kg1 {Precision: Weiß = 69%, Schwarz = 58%.} 1/2-1/2

[Event "Chigorin Mem. Russian Cup 2017"]
[Site "St. Petersburg"]
[Date "2017.10.22"]
[Round "2"]
[White "Vaishali R"]
[Black "Batchuluun, Tsegmed"]
[Result "1/2-1/2"]
[WhiteElo "2330"]
[BlackElo "2571"]
[Annotator "TA"]
[PlyCount "75"]
[EventDate "2017.??.??"]
[EventType "swiss"]
[EventCountry "RUS"]
[SourceTitle "playchess.com"]
[Source "ChessBase"]
[SourceQuality "1"]

{[%evp 20,75,0,-7,-6,-26,-29,-27,-37,-34,-25,-41,-33,-26,-19,-22,29,26,25,22,30,22,28,16,16,21,119,63,61,42,44,0,0,0,0,0,0,0,8,8,17,0,7,0,0,0,0,0,0,0,0,0,0,0,0,0,0,0]} 1. e4 e6 2. d3 d5 3. Qe2 Nf6 4. Nf3 Be7 5. g3 c5 6. Bg2 Nc6 7. O-O O-O 8. e5 Nd7 9. c4 Rb8 {C00: French: Unusual White 2nd moves} (9... Re8 10. Nc3 d4 11. Ne4 Ndxe5 12. Nxe5 Nxe5 13. Nxc5 Nc6 14. Ne4 e5 15. g4 f5 16. gxf5 Bxf5 17. Ng3 Bg6 {½-½ (26) Anand,V (2803)-Khairullin,I (2652) Berlin 2015}) 10. Re1 d4 11. h4 {LiveBook: 6 Games} a6 12. Bg5 $146 ({Predecessor:} 12. Bf4 b5 13. Ng5 Bb7 14. cxb5 axb5 15. Be4 Bxg5 16. hxg5 Ne7 17. Nd2 {1-0 (55) El Jawich,A (2186)-Berend,F (2380) Tromsoe 2014}) 12... Bxg5 13. hxg5 b5 14. cxb5 axb5 15. Nbd2 Bb7 16. Rac1 Qe7 17. Ne4 Ncxe5 ({Better is} 17... Rfd8) 18. Nxe5 $11 Nxe5 19. Nxc5 Bxg2 20. Qxe5 Ba8 21. Ne4 {Black must now prevent Nf6+!} ({Much weaker is} 21. Qxd4 Qxg5 22. Ne4 Rbd8 $15) 21... Bxe4 22. Rxe4 Rbd8 (22... Qa7 $11 {keeps the balance.}) 23. Rc5 ({Much worse is} 23. Qxb5 $6 Rb8 $14) (23. Rxd4 $16 b4 24. Rxd8 Qxd8 25. Qc5) 23... Qa7 $14 24. Rxd4 Qxa2 25. Rxb5 Qb1+ {The position is equal.} 26. Kg2 {[#] Rxd8 is the strong threat.} Ra8 {And now ...Ra1 would win.} 27. Qd6 g6 28. Rh4 Rad8 29. Qe5 Qxd3 30. Rhb4 Rd7 31. Rb8 Qd5+ 32. Qxd5 Rxd5 $11 {[%mdl 4096] Endgame KRR-KRR} 33. f4 Rd3 34. Rxf8+ Kxf8 35. Rb8+ Kg7 36. Rb7 Kf8 37. Rb8+ Kg7 38. Rb7 {Precision: White = 54%, Black = 63%.} 1/2-1/2

[Event "Chigorin Mem. Russian Cup 2017"]
[Site "St. Petersburg"]
[Date "2017.10.23"]
[Round "3"]
[White "Artemiev, Vladislav"]
[Black "Faizrakhmanov, Ramil"]
[Result "1-0"]
[WhiteElo "2696"]
[BlackElo "2421"]
[Annotator "TA"]
[PlyCount "133"]
[EventDate "2017.??.??"]
[EventType "swiss"]
[EventCountry "RUS"]
[SourceTitle "playchess.com"]
[Source "ChessBase"]
[SourceQuality "1"]

{[%evp 23,133,70,74,68,77,67,65,66,61,52,57,57,64,64,89,86,92,54,109,89,111,111,114,104,110,87,114,95,114,116,111,102,104,119,119,112,113,109,110,92,99,97,92,77,67,62,108,79,79,79,79,79,76,45,117,117,129,122,139,100,128,100,84,29,14,0,81,81,107,91,172,141,137,99,95,34,163,134,110,0,295,306,450,447,1239,746,675,374,2661,2734,2587,371,2408,579,2299,2072,2339,1675,12844,12843,12845,12845,12845,12846,12850,12850,12850,29978,29978,29979,29979,29980]} 1. d4 Nf6 2. c4 e6 3. Nc3 Bb4 4. g3 O-O 5. Bg2 d5 6. Nf3 c5 7. dxc5 Nc6 8. O-O Bxc5 9. cxd5 exd5 10. a3 h6 11. b4 Be7 12. Bb2 Be6 {LiveBook: 5 Games} 13. Rc1 {D34: Tarrasch Defence: 6 g3 Nf6 7 Bg2 Be7} Rc8 {[#]} 14. Qd3 $146 ({Predecessor:} 14. Nd4 Nxd4 15. Qxd4 a5 16. Nxd5 Bxd5 17. Rxc8 Qxc8 18. Bxd5 axb4 19. axb4 Rd8 {1-0 (46) Hera,I (2565)-Kostic,V (2440) Austria 2011}) 14... Qd7 15. Rfd1 {White is slightly better.} Rfd8 16. Qb1 Qe8 17. e3 a6 18. Qa1 Qf8 19. Ne2 Ne4 20. Nf4 Bf6 (20... g5 $14) 21. Ne1 Qe7 22. Ned3 Bxb2 23. Qxb2 Nf6 24. Nxe6 (24. Nc5 {looks sharper.} Rd6 25. a4 Rcd8 26. b5 axb5 27. axb5 Na5 28. Qb4) 24... fxe6 25. Bh3 Rd6 {[#]} 26. a4 $1 Re8 27. b5 axb5 28. axb5 Nd8 29. Rc8 Nf7 30. Rdc1 Ng5 31. Bf1 Rxc8 32. Rxc8+ Rd8 33. Rxd8+ Qxd8 34. h4 Nf7 35. Bh3 Qd6 36. Qc3 Nd8 37. Qd4 Kf7 38. g4 Ke7 (38... Qe7 $14) 39. g5 $16 hxg5 40. hxg5 Ne8 41. Nf4 b6 42. Bg4 Qc5 43. Qe5 ({White should play} 43. Ng6+ $16 Kd7 44. Qb2) 43... Qd6 $11 44. Qd4 (44. Qc3 $11) 44... Qc5 $1 $16 45. Ng6+ Kd7 {With the idea ...Qxd4.} 46. Ne5+ Ke7 (46... Kc8 $16 {was called for.}) 47. Qd3 $36 {[%mdl 2048] Black is under strong pressure.} Qd6 48. Ng6+ Kd7 49. Nf4 ({White should try} 49. Kg2 $16) 49... Kc7 (49... d4 $1 $14) 50. Qg6 Kd7 51. Qd3 (51. Nxe6 $16 Nxe6 52. Qf7+ Kd8 53. Bxe6) 51... Nc7 $2 {[%mdl 8192]} (51... Kc7 $11) 52. Qd4 $18 Kc8 (52... Ne8 {is a better defense.} 53. Nxd5 Nf7) 53. Qxg7 Nxb5 (53... d4 $142 54. Qxd4 Qxd4 55. exd4 Kd7) 54. Nxe6 Nxe6 55. Qg8+ Kc7 $2 (55... Kd7 56. Qf7+ Qe7 57. Bxe6+ Kd6) 56. Bxe6 {[%csl Ge6][%cal Rg8c8] [#]} Qe5 57. Qc8+ Kd6 58. Qd7+ Kc5 59. g6 Qg5+ 60. Kf1 Qxg6 61. Qxd5+ Kb4 62. Qb3+ Ka5 63. Bc4 {[%csl Gc4][%cal Rb3b5]} Qc6 64. Qxb5+ Qxb5 65. Bxb5 Kxb5 66. f4 {[%cal Bf2f4,Bf4f5][%mdl 32]} Kc4 67. f5 {Precision: White = 76%, Black = 49%.} 1-0

[Event "Chigorin Mem. Russian Cup 2017"]
[Site "St. Petersburg"]
[Date "2017.10.23"]
[Round "3"]
[White "Volkov, Sergey"]
[Black "Ofitserian, Boris"]
[Result "1/2-1/2"]
[WhiteElo "2638"]
[BlackElo "2402"]
[Annotator "TA"]
[PlyCount "116"]
[EventDate "2017.??.??"]
[EventType "swiss"]
[EventCountry "RUS"]
[SourceTitle "playchess.com"]
[Source "ChessBase"]
[SourceQuality "1"]

{[%evp 25,116,10,18,0,7,-8,0,0,-12,-10,-6,-13,-7,-13,-13,-13,-13,-13,-13,-13,-13,-13,-11,-37,0,0,0,0,0,-21,-21,-21,-21,-21,-22,-77,-50,-62,-82,-62,-8,-14,-8,-8,-8,-8,-8,-8,-8,-8,-8,-8,-8,-8,-8,-8,-8,-8,-6,-8,0,0,0,0,0,0,0,0,0,0,0,0,0,0,0,0,0,0,0,0,0,0,0,0,0,0,0,0,0,0,0,0,0]} 1. d4 Nf6 2. c4 g6 3. Nc3 d5 4. Nf3 Bg7 5. Qb3 dxc4 6. Qxc4 O-O 7. e4 {[%cal Be2e4,Be4d5,Bd5d6][%mdl 32]} Na6 8. Be2 c5 9. d5 e6 10. O-O exd5 11. exd5 Re8 12. Rd1 Bf5 13. d6 h6 {LiveBook: 29 Games. D97: Grünfeld: Russian System: 7 e4, replies other than 7...Bg4} 14. a3 (14. Be3 Ng4 15. Bf4 Bxc3 16. bxc3 Re4 17. Qb5 Rxf4 18. Qxb7 Ra4 19. d7 Be4 20. Qb3 Bc6 21. Rd6 Bxd7 22. Rad1 Qb8 23. Rxd7 Qxb3 24. axb3 Ra2 25. Bc4 Rf8 26. R7d6 Kg7 27. Rxa6 Rxf2 28. Re1 {1-0 (28) Anand,V (2797)-Aronian,L (2777) Zuerich 2015}) 14... Qb6 15. Qb5 {[#]} Rad8 $146 ({Predecessor:} 15... Bc2 16. Rd2 {½-½ (18) Blanco Gramajo,C (2577)-Krueger,H (2520) ICCF email 2005}) 16. Be3 Re6 17. Bc4 {And now Qxb6 would win.} Rexd6 18. Qxb6 Rxd1+ 19. Rxd1 Rxd1+ 20. Nxd1 axb6 {[%cal Ba7b6,Bb6b5][%mdl 32]} 21. Ne5 Be6 22. Bxe6 fxe6 23. Nxg6 Nd5 24. Bd2 b5 25. Nf4 Kf7 26. Kf1 c4 27. Nc3 Nxf4 28. Bxf4 $11 {[%mdl 4096] Endgame KBN-KBN} b4 29. axb4 Nxb4 30. Bd6 (30. Ne4 $11 {keeps the balance.}) 30... Nd3 31. Ba3 Ke8 32. Ne4 Kd7 (32... Be5 $1 $15 33. g3 Kd7) 33. Nd6 $1 {The position is equal.} Bxb2 34. Nxc4 Bd4 {Strongly threatening ...b5.} 35. Ke2 Nxf2 36. Nd6 Kc6 37. Nf7 $1 h5 38. Nd8+ Kd5 39. Nxb7 Ng4 40. h3 Ne3 41. g3 Nc4 42. Bb4 Bb6 {[#] Threatens to win with ...Kc6.} 43. g4 Kc6 {White must now prevent ...hxg4.} 44. gxh5 Kxb7 45. h6 {h7 is the strong threat.} Ne5 {Hoping for ...Nf7.} 46. h7 Nf7 $1 {aiming for ...Bd4.} 47. Bc3 Kc6 48. h8=Q Nxh8 49. Bxh8 {KB-KB} Bd8 50. Kf3 Kd7 51. Kg4 Ke8 52. Be5 Kf7 53. Kh5 Bf6 54. Bxf6 Kxf6 55. Kg4 Kg6 56. Kf4 Kh5 57. Ke5 Kh4 58. Kxe6 Kxh3 {Precision: White = 73%, Black = 78%.} 1/2-1/2